Chansons de Nekfeu - Statistiques

Statistiques générales
  • Ce quiz a été pris 745 fois
  • Le résultat moyen est 5 sur 15
Statistiques - réponses
Paroles Chansons % Correct
Tu ne penses qu'aux autres, tu ne penses pas à moi... Elle pleut
77%
Compte certifié mais personne te connaît, t'as pas le droit de tweeter en anglais Tricheur
69%
Ils disent que l'amour rend aveugle mais il t'a redonné la vue Avant tu riais
60%
Je ne me sens jamais aussi seul que quand la fête bat son plein Risibles amours
59%
Peu d'respect pour les colleurs d'étiquettes, vu qu'mon cœur a la couleur des tigres Humanoïde
50%
Mais j'suis plus qu'un missile téléguidé Que t'as armé quand t'as décidé d'me quitter Plume
40%
J'vois Paname d’en haut comme Hauts-d'Seine ; "Ken" pour le prénom, "Feu" pour le nom d'scène Menteur menteur
36%
Se sentant faible en sachant qu'la vie est une fête où personne danse Ecrire
29%
Ils m'supplieront d'les épargner mais j'suis pas économe Hey, connards, laissez parler les vrais bonhommes Le Horla
29%
7h du matin, mes démons complotent Vu que ce monde nous monte l'un contre l'autre 7:77 AM
27%
Devant la folie n'aies pas l'air affolé Programmé
13%
L'Entourage résonne, S-Crew boy ! Un vrai groupe parisien U.B.
13%
Pour eux, on va transformer Seine Zoo en grosse enseigne Question d'honneur
12%
Des gars mal élevés font les malins J'ai bien fait de ramener ma lame Jeux d'ombres
10%
Demande à Doum's de l'Entourloupe les ennemis font plus les fiers Bla Bla Bla
9%
Aucun quiz correspondant
Distribution des résultats
% des personnes avec chaque résultat
Percentile par nombre de réponses
Votre historique - résultats
Vous n’avez pas pris ce quiz